000 00469cam a22001217a 4500
008 180718b1985 xxu||||| |||| 00| 0 eng d
082 _aA81x54 In2/81/7/Pap1/1985
100 _aCensus of India 1981
245 _aHimachal Pradesh: household population by religion of head of household (upto tehsil and town level)
260 _aDelhi
_bThe Controller of Publications
_c1985
300 _a60+p.
440 _aCensus of India 1981. Series-7, Himachal Pradesh. Paper 1 of 1985
999 _c482742
_d482742